NBA 70 point games - Statistics

General Stats
  • This quiz has been taken 58 times
  • The average score is 13 of 15
Answer Stats
Hint Answer % Correct
81 Kobe Bryant
98%
78 Wilt Chamberlain
98%
73 Wilt Chamberlain
98%
70 Wilt Chamberlain
98%
100 Wilt Chamberlain
98%
72 Wilt Chamberlain
98%
73 Wilt Chamberlain
98%
70 Devin Booker
88%
71 Donovan Mitchell
81%
73 Luka Doncic
81%
70 Joel Embiid
79%
71 Damian Lillard
77%
71 David Robinson
63%
73 David Thompson
50%
71 Elgin Baylor
48%
No matching quizzes found
Score Distribution
Percent of People with Each Score
Percentile by Number Answered
Your Score History
You have not taken this quiz